<?xml version="1.0" encoding="UTF-8"?>
<record
    xmlns:xsi="http://www.w3.org/2001/XMLSchema-instance"
    xsi:schemaLocation="http://www.loc.gov/MARC21/slim http://www.loc.gov/standards/marcxml/schema/MARC21slim.xsd"
    xmlns="http://www.loc.gov/MARC21/slim">

  <leader>00496nam a22001697a 4500</leader>
  <controlfield tag="005">20231106153825.0</controlfield>
  <controlfield tag="008">231106b        |||||||| |||| 00| 0 eng d</controlfield>
  <datafield tag="020" ind1=" " ind2=" ">
    <subfield code="a">978-81-7319-374-3</subfield>
  </datafield>
  <datafield tag="041" ind1=" " ind2=" ">
    <subfield code="a">eng</subfield>
  </datafield>
  <datafield tag="082" ind1=" " ind2=" ">
    <subfield code="a">631.5</subfield>
  </datafield>
  <datafield tag="100" ind1=" " ind2=" ">
    <subfield code="a">CHAHAL, G.S. AND GOSAL, S.S</subfield>
    <subfield code="9">8238</subfield>
  </datafield>
  <datafield tag="245" ind1=" " ind2=" ">
    <subfield code="a">PRINCIPLES AND PROCEDURES OF  PLANT BREEDING : Biotechnological and conventional approaches</subfield>
  </datafield>
  <datafield tag="260" ind1=" " ind2=" ">
    <subfield code="a">NEW DELHI</subfield>
    <subfield code="b">NAROSA PUBLISHING HOUSE </subfield>
    <subfield code="c">2002</subfield>
  </datafield>
  <datafield tag="300" ind1=" " ind2=" ">
    <subfield code="a">604;p</subfield>
  </datafield>
  <datafield tag="650" ind1=" " ind2=" ">
    <subfield code="a">AGRICULTURE</subfield>
  </datafield>
  <datafield tag="942" ind1=" " ind2=" ">
    <subfield code="c">BK</subfield>
  </datafield>
  <datafield tag="999" ind1=" " ind2=" ">
    <subfield code="c">8464</subfield>
    <subfield code="d">8462</subfield>
  </datafield>
  <datafield tag="952" ind1=" " ind2=" ">
    <subfield code="0">0</subfield>
    <subfield code="1">0</subfield>
    <subfield code="4">0</subfield>
    <subfield code="7">0</subfield>
    <subfield code="8">REF</subfield>
    <subfield code="a">JRU</subfield>
    <subfield code="b">JRU</subfield>
    <subfield code="c">SHELF-2-B</subfield>
    <subfield code="d">2023-11-06</subfield>
    <subfield code="e">PURCHASE [LBI000221/29/10/2023</subfield>
    <subfield code="g">635.00</subfield>
    <subfield code="l">0</subfield>
    <subfield code="o">631.5</subfield>
    <subfield code="p">28121</subfield>
    <subfield code="r">2023-11-06 15:39:11</subfield>
    <subfield code="w">2023-11-06</subfield>
    <subfield code="y">BK</subfield>
  </datafield>
  <datafield tag="952" ind1=" " ind2=" ">
    <subfield code="0">0</subfield>
    <subfield code="1">0</subfield>
    <subfield code="4">0</subfield>
    <subfield code="7">0</subfield>
    <subfield code="8">AGRICULTURE</subfield>
    <subfield code="a">JRU</subfield>
    <subfield code="b">JRU</subfield>
    <subfield code="c">SHELF-46-D</subfield>
    <subfield code="d">2023-11-06</subfield>
    <subfield code="e">PURCHASE [LBI000221/29/10/2023</subfield>
    <subfield code="g">635.00</subfield>
    <subfield code="l">2</subfield>
    <subfield code="m">2</subfield>
    <subfield code="o">631.5</subfield>
    <subfield code="p">28122</subfield>
    <subfield code="r">2024-12-23 12:06:53</subfield>
    <subfield code="s">2024-11-25</subfield>
    <subfield code="w">2023-11-06</subfield>
    <subfield code="y">BK</subfield>
  </datafield>
  <datafield tag="952" ind1=" " ind2=" ">
    <subfield code="0">0</subfield>
    <subfield code="1">0</subfield>
    <subfield code="4">0</subfield>
    <subfield code="7">0</subfield>
    <subfield code="8">AGRICULTURE</subfield>
    <subfield code="a">JRU</subfield>
    <subfield code="b">JRU</subfield>
    <subfield code="c">SHELF-46-B</subfield>
    <subfield code="d">2023-11-06</subfield>
    <subfield code="e">PURCHASE [LBI000221/29/10/2023</subfield>
    <subfield code="g">635.00</subfield>
    <subfield code="l">1</subfield>
    <subfield code="o">631.5</subfield>
    <subfield code="p">28123</subfield>
    <subfield code="r">2025-01-16 16:34:41</subfield>
    <subfield code="s">2024-07-31</subfield>
    <subfield code="w">2023-11-06</subfield>
    <subfield code="y">BK</subfield>
  </datafield>
</record>
